| 000 | 01358nad a2200361 a 4500 | ||
|---|---|---|---|
| 001 | KOHA0000000000000000002786 | ||
| 003 | MiU | ||
| 005 | 20231010141334.0 | ||
| 007 | cr mnummmmuuuu | ||
| 008 | 980511s1998 nyugh sbk 001 0 eng d | ||
| 024 | 7 |
_a2027/heb07685 _2hdl |
|
| 040 |
_aNyNyACL _cNyNyACL |
||
| 090 |
_aML410.B4 _b(INTERNET) |
||
| 100 | 1 |
_aStowell, Robin. _944958 |
|
| 245 | 1 | 0 |
_aBeethoven, Violin concerto _h[electronic resource] / _cRobin Stowell. |
| 246 | 3 | 0 | _aViolin concerto |
| 300 |
_axi, 126 p. : _bfacsims., music ; _c23 cm. |
||
| 490 | 1 | _aCambridge music handbooks | |
| 504 | _aDiscography: p. 98-99. | ||
| 504 | _aIncludes bibliographical references (p. 118-121) and index. | ||
| 600 | 1 | 0 |
_aBeethoven, Ludwig van, _d1770-1827. _tConcertos, _mviolin, orchestra, _nop. 61, _rD major. _944959 |
| 830 | 0 |
_aCambridge music handbooks. _944960 |
|
| 830 | 0 |
_aACLS Humanities E-Book. _944961 |
|
| 856 | 4 | 0 |
_zVolltext _uhttps://hdl.handle.net/2027/heb07685 |
| 942 | _cEB | ||
| 500 | _aE-Book-ACLS / Zugriff nur im DHI-Lesesaal | ||
| 336 |
_2rdacontent _btxt _aText |
||
| 337 |
_2rdamedia _bbc _aComputermedien |
||
| 338 |
_2rdacarrier _bcr _aOnline Ressource |
||
| 264 |
_aCambridge, U.K. ; _bCambridge University Press, _cc1998. |
||
| 041 | _aeng | ||
| 500 | _aAmerican Council of Learned Societies/ https://www.humanitiesebook.org/about/ | ||
| 999 |
_c66996 _d66996 |
||